| 000 | 01446nam a2200265 i 4500 | ||
|---|---|---|---|
| 001 | 82042 | ||
| 003 | ES-MaACL | ||
| 005 | 20250718063318.0 | ||
| 007 | t| | ||
| 008 | 041116s1892 sp |||| | spa d | ||
| 100 | 1 |
_aTorres Campos, Rafael, _d1853-1904 _9110935 |
|
| 245 | 1 | 0 |
_aEspaña en California y en el noroeste de América / _cconferencia de D. Rafael Torres Campos, leída el día 17 de mayo de 1892. |
| 260 |
_aMadrid : _b[s.n.], _c1892 ( _fSucesores de Rivadeneyra) |
||
| 300 |
_a59 p. ; _c25 cm. |
||
| 500 | _aForma parte de: "El continente americano : conferencias dadas en el Ateneo Científico, Literario y Artístico de Madrid con motivo del Cuarto Centenario del Descubrimiento de América". Madrid, 1894, tít. que agrupa todas las conferencias del ciclo en tres volúmenes, cada una de ellas con port. y año propios. Esta publicación pertenece al t. 2. | ||
| 500 | _aPrecede al tít.: Ateneo de Madrid. | ||
| 610 | 2 | 4 |
_aAteneo de Madrid- _vConferencias- _yS.XIX. _91910 |
| 610 | 2 | 4 |
_aAteneo de Madrid- _vObras digitalizadas. _91930 |
| 651 |
_aCalifornia (Estados Unidos, Estado)- _xHistoria- _yHasta 1846. _9174579 |
||
| 651 | 4 |
_aAmérica del Norte- _xDescubrimientos y exploraciones- _xEspañoles. _9145655 |
|
| 740 | 3 | 2 | _aEl continente americano. |
| 852 |
_aES-MaACL _jR-2604(10) |
||
| 856 |
_uhttp://www.ateneodemadrid.com/biblioteca_digital/folletos/Folletos-0047.pdf _zVer documento |
||
| 999 |
_c82042 _d82042 |
||